PROBLEMATIKA DETSKEJ VÝŽIVY V SSR

Bibliographic Details
Main Author: Slivka, Ladislav (Author)
Format: Article
Language:Slovak
Subjects:

MARC

LEADER 00000nab a2200000Ia 4500
001 vtls010822771
003 SK-MaSNL
005 20260426072134.0
008 230121|1977 xo |||||||||||||||||slo|
035 |a (urnnbn)urn:nbn:sk:snk:ar-a06201 
035 |a urn:nbn:sk:snk-ab5poc 
035 |a (uuid)63f69389-d124-4d2a-b01d-b9877dd3de18 
040 |a SNKBUCL  |b slo  |c SNKBUCL  |e AACR2 
041 0 |a slo 
044 |a xo  |c SK 
080 |a 613.221  |2 2001 
100 1 |a Slivka, Ladislav  |4 aut  |9 1328236 
245 1 0 |a PROBLEMATIKA DETSKEJ VÝŽIVY V SSR  |c Ladislav Slivka 
650 0 7 |a výživa detí  |2 SNKPH  |9 2619 
650 0 7 |a výživa dojčiat  |2 SNKPH  |9 2620 
651 7 |a Slovensko  |2 SNKPH  |9 14231 
773 0 |t Výživa a zdravie : časopis pre výživu a zdravý životný štýl  |g Roč. 22, č. 5 (1977), s. 111-112 
954 |a odborná, vedecká literatúra pôvodná (slovenská)  |2 lita 
958 |a OND 
958 |a EUIPO 
958 |a article5 
999 |c 2685621  |d 2687551